000 00705pam a2200217 a 4500
001 2925227
005 20250208160954.0
008 890418s1990 paua b 001 0 eng c
020 _a9780397509850
050 0 0 _aRC700.D5
_bD53 1990
082 0 0 _a616.4/62
_220
245 0 0 _aDiabetes and vascular disease /
_cedited by Morris D. Kerstein ; with 22 contributors.
260 _aPhiladelphia :
_bJ. B. Lippincott,
_cc1990.
300 _axxi, 293 p. :
_bill. ;
_c24 cm.
650 0 _aDiabetic angiopathies.
650 2 _aDiabetes Mellitus
_xcomplications.
650 2 _aDiabetes Mellitus
_xtherapy.
650 2 _aDiabetic Angiopathies
_xcomplications.
700 1 _aKerstein, Morris D.
942 _2lcc
_cBK
_n0
999 _c3691
_d3691